|
|
|
|
| LEADER |
00000nam2a2200000 4500 |
| 001 |
105252 |
| 005 |
20231101214610.0 |
| 010 |
|
|
|a 5276006458
|
| 035 |
|
|
|a (RuTPU)RU\TPU\book\113543
|
| 090 |
|
|
|a 105252
|
| 100 |
|
|
|a 20061114d2005 m y0rusy50 ca
|
| 101 |
0 |
|
|a rus
|
| 102 |
|
|
|a RU
|
| 105 |
|
|
|a y j 001zy
|
| 200 |
0 |
|
|a Ч. 2
|
| 210 |
|
|
|d 2005
|
| 215 |
|
|
|a 55 с.
|
| 320 |
|
|
|a Библиогр.: с. 48.
|
| 330 |
|
|
|a Учебное пособие предназначено для студентов дистанционного образования и заочной формы обучения, самостоятельно выполняющих расчет и проектирование курсовых проектов по деталям машин. Оно содержит примеры расчетов и проектирования прямых валов редукторов, подбор подшипников, расчет шпоночных соединений.
|
| 461 |
|
1 |
|0 (RuTPU)RU\TPU\book\126760
|y 5-276-00643-1
|t Расчет и проектирование деталей передач
|o учебное пособие для выполнения курсового проектирования
|f В. Г. Клоков
|g Московский государственный индустриальный университет (МГИУ), Институт дистанционного образования (ИДО)
|v Ч. 2
|e 2-е изд., стер.
|d 2005
|
| 606 |
1 |
|
|a Передачи
|x Курсовое проектирование
|x Исследование
|x Проектирование
|2 stltpush
|3 (RuTPU)RU\TPU\subj\48509
|9 67368
|
| 606 |
1 |
|
|a Детали машин
|x Курсовое проектирование
|2 stltpush
|3 (RuTPU)RU\TPU\subj\9171
|9 36449
|
| 610 |
1 |
|
|a редукторы
|
| 610 |
1 |
|
|a валы
|
| 610 |
1 |
|
|a расчет
|
| 610 |
1 |
|
|a шпонки
|
| 610 |
1 |
|
|a подшипники
|
| 610 |
1 |
|
|a муфты
|
| 610 |
1 |
|
|a схемы нагружения
|
| 610 |
1 |
|
|a курсовые проекты
|
| 610 |
1 |
|
|a учебные пособия
|
| 675 |
|
|
|a 621.81.001.63(075.8)
|v 3
|
| 801 |
|
1 |
|a RU
|b 63413507
|c 20061114
|g PSBO
|
| 801 |
|
2 |
|a RU
|b 63413507
|c 20131219
|g PSBO
|
| 942 |
|
|
|c BK
|
| 959 |
|
|
|a 90/20061025
|d 2
|e 40,00
|f ЧЗТЛ:2
|